Statistics for Strongest DBZ Fighters

Click here to take the quiz!

General Stats

  • This quiz has been taken 407 times
  • The average score is 12 of 14

Answer Stats

Hint Answer % Correct
The Strongest Z fighterGoku
98%
The Saiyan PrinceVegeta
98%
NamekianPiccolo
96%
The above's sonGohan
93%
Potara FusionVegito
92%
FusionGotenks
90%
Alternate TimelineFuture Trunks
89%
Can take on SSJ3 Goku and SSJ2 VegetaKid Buu
87%
The evil emperorFrieza
87%
Bio-AndroidCell
86%
TwinsAndroid 17 and 18
85%
Nature LoverAndroid 16
65%
King of the UnderworldDabura
52%
ChangeCaptain Ginyu
46%

Score Distribution

Percentile by Number Answered

Percent of People with Each Score

Your Score History

You have not taken this quiz